<?xml version="1.0" encoding="UTF-8"?>
<record
    xmlns:xsi="http://www.w3.org/2001/XMLSchema-instance"
    xsi:schemaLocation="http://www.loc.gov/MARC21/slim http://www.loc.gov/standards/marcxml/schema/MARC21slim.xsd"
    xmlns="http://www.loc.gov/MARC21/slim">

  <leader>01230nam a22002537a 4500</leader>
  <controlfield tag="003">BI-BuBU</controlfield>
  <controlfield tag="008">130829t2012    bd ||||| |||| 00| 0 eng d</controlfield>
  <datafield tag="037" ind1=" " ind2=" ">
    <subfield code="b">Don de l'auteur</subfield>
  </datafield>
  <datafield tag="039" ind1=" " ind2=" ">
    <subfield code="a">20130829100443.0</subfield>
    <subfield code="b">Nshimirimana Anne-Marie</subfield>
  </datafield>
  <datafield tag="040" ind1=" " ind2=" ">
    <subfield code="a">BI-BuBU</subfield>
    <subfield code="b">fre</subfield>
    <subfield code="c">BI-BuBU</subfield>
  </datafield>
  <datafield tag="041" ind1="0" ind2=" ">
    <subfield code="a">eng</subfield>
  </datafield>
  <datafield tag="080" ind1=" " ind2=" ">
    <subfield code="a">371.279.2</subfield>
  </datafield>
  <datafield tag="100" ind1="1" ind2=" ">
    <subfield code="4">aut</subfield>
    <subfield code="a">Niyonzima, Alfred</subfield>
    <subfield code="9">76546</subfield>
  </datafield>
  <datafield tag="245" ind1="1" ind2="4">
    <subfield code="a">The impact of progressive assment and class attendance on students' proficient in english</subfield>
    <subfield code="b">a case study of the departments of english at the university of Burundi</subfield>
    <subfield code="c">AlFred Niyonzima; Gaspard Muhitira, directeur</subfield>
  </datafield>
  <datafield tag="260" ind1=" " ind2=" ">
    <subfield code="a">Bujumbura</subfield>
    <subfield code="b">University of Burundi, Institute For Applied Pedagogy? English-Kirundi Department</subfield>
    <subfield code="c">2012</subfield>
  </datafield>
  <datafield tag="300" ind1=" " ind2=" ">
    <subfield code="a">VI-85f.</subfield>
    <subfield code="c">30 Cm.</subfield>
  </datafield>
  <datafield tag="500" ind1=" " ind2=" ">
    <subfield code="a">A thesis submetted in partial fulfilment of therequiremnts for the award of the degree "Liceenci&#xE9; en P&#xE9;dagogie Appliqu&#xE9;e, Agr&#xE9;g&#xE9; de l'enseignement secondaire en anglais"</subfield>
  </datafield>
  <datafield tag="650" ind1=" " ind2="7">
    <subfield code="2">BI-BuBU</subfield>
    <subfield code="a">Evaluation contenu </subfield>
    <subfield code="x">Etudiant. Participation. Anglais(langue)</subfield>
    <subfield code="9">76550</subfield>
  </datafield>
  <datafield tag="655" ind1=" " ind2="7">
    <subfield code="2">BI-BuBU</subfield>
    <subfield code="a">M&#xE9;moire</subfield>
    <subfield code="9">76547</subfield>
  </datafield>
  <datafield tag="700" ind1="1" ind2=" ">
    <subfield code="4">drt</subfield>
    <subfield code="a">Muhitira, Gaspard</subfield>
    <subfield code="9">76549</subfield>
  </datafield>
  <datafield tag="710" ind1=" " ind2=" ">
    <subfield code="4">aut</subfield>
    <subfield code="a">University of Burundi Institute </subfield>
    <subfield code="b">For Applied Pedagogy</subfield>
    <subfield code="9">76548</subfield>
  </datafield>
  <datafield tag="942" ind1=" " ind2=" ">
    <subfield code="2">udc</subfield>
    <subfield code="c">MEM</subfield>
  </datafield>
  <datafield tag="999" ind1=" " ind2=" ">
    <subfield code="c">20274</subfield>
    <subfield code="d">20274</subfield>
  </datafield>
</record>
